000 00655nam a2200229 a 4500
005 20260322212007.0
008 data
010 _a99-042777
020 _a0609600788 (hardcover)
020 _a9780609600788 (hardcover)
040 _aDonation
092 _a291.44 C49 2000
100 1 _aChopra, Deepak.
245 1 0 _aHow to know God :
_bthe soul's journey into the mystery of mysteries
_cDeepak Chopra.
250 _a1st ed.
260 _aNew York
_bCrown Publishers
_cc2000
300 _a319 p. ;
_c 25 cm.
500 _aIncludes bibliographical references (p. 306-311) and index.
650 4 _aGod
_xhistory
650 4 _aSpiritual life.
001 data
999 _c125
_d125